000 00685nam a2200253Ia 4500
003 OSt
005 20220918164748.0
006 a|||||r|||| 00| 0
007 ta
008 220917b |||||||| |||| 00| 0 eng d
020 _a0745625770 (pbk)
024 _a202,108
037 _cTextual
040 _aARTS
_cARTS
_beng
041 _2eng
_aeng
082 _aY15:(R), P2
100 _aBraidotti Rosi
_920522
245 0 _aMetamorphoses
_b towards a materialist theory of becoming
260 _aU
_bS A Blackwell Publishers
_c2002
300 _ax, 317p
_ccm.
650 _aSOCIOLOGY
942 _hY15:(R), P2
_cTEXL
_2CC
999 _c126392
_d126392